<?xml version="1.0" encoding="UTF-8"?>
<record
    xmlns:xsi="http://www.w3.org/2001/XMLSchema-instance"
    xsi:schemaLocation="http://www.loc.gov/MARC21/slim http://www.loc.gov/standards/marcxml/schema/MARC21slim.xsd"
    xmlns="http://www.loc.gov/MARC21/slim">

  <leader>01324nam0a22002771  4500</leader>
  <controlfield tag="001">RU\NLR\INFOCOMM_195\5000070838</controlfield>
  <controlfield tag="005">20260406110626.0</controlfield>
  <datafield tag="035" ind1=" " ind2=" ">
    <subfield code="a">(NLR Aleph) 009374462</subfield>
  </datafield>
  <datafield tag="090" ind1=" " ind2=" ">
    <subfield code="a">7943045</subfield>
    <subfield code="c">7943045</subfield>
  </datafield>
  <datafield tag="100" ind1=" " ind2=" ">
    <subfield code="a">20101226d1989    |||y0rusy50      ca</subfield>
  </datafield>
  <datafield tag="101" ind1="0" ind2=" ">
    <subfield code="a">spa</subfield>
  </datafield>
  <datafield tag="102" ind1=" " ind2=" ">
    <subfield code="a">RU</subfield>
  </datafield>
  <datafield tag="105" ind1=" " ind2=" ">
    <subfield code="a">y   ||||000|y</subfield>
  </datafield>
  <datafield tag="200" ind1="1" ind2=" ">
    <subfield code="a">Perestroika, causa de todos los pueblos del pa&#xED;s</subfield>
    <subfield code="e">Discurso en el encuentro con los trabajadores en la ciudad de K&#xED;ev, 23 de febr. de 1989</subfield>
    <subfield code="f">Mija&#xED;l Gorbachov</subfield>
  </datafield>
  <datafield tag="210" ind1=" " ind2=" ">
    <subfield code="a">M.</subfield>
    <subfield code="c">Ed. de la Agencia de prensa "N&#xF3;vosti"</subfield>
    <subfield code="d">1989</subfield>
  </datafield>
  <datafield tag="215" ind1=" " ind2=" ">
    <subfield code="a">32 &#x441;.</subfield>
    <subfield code="d">19 &#x441;&#x43C;</subfield>
  </datafield>
  <datafield tag="300" ind1=" " ind2=" ">
    <subfield code="a">&#x41D;&#x430; &#x43E;&#x431;&#x43E;&#x440;&#x43E;&#x442;&#x435; &#x442;&#x438;&#x442;. &#x43B;.: &#x41F;&#x435;&#x440;&#x435;&#x441;&#x442;&#x440;&#x43E;&#x439;&#x43A;&#x430; - &#x434;&#x435;&#x43B;&#x43E; &#x432;&#x441;&#x435;&#x445; &#x43D;&#x430;&#x440;&#x43E;&#x434;&#x43E;&#x432; &#x441;&#x442;&#x440;&#x430;&#x43D;&#x44B;: &#x420;&#x435;&#x447;&#x44C; &#x43D;&#x430; &#x432;&#x441;&#x442;&#x440;&#x435;&#x447;&#x435; &#x441; &#x442;&#x440;&#x443;&#x434;&#x44F;&#x449;&#x438;&#x43C;&#x438;&#x441;&#x44F; &#x432; &#x433;. &#x41A;&#x438;&#x435;&#x432;&#x435; 23 &#x444;&#x435;&#x432;&#x440;. 1989 &#x433;. / &#x41C;&#x438;&#x445;&#x430;&#x438;&#x43B; &#x421;&#x435;&#x440;&#x433;&#x435;&#x435;&#x432;&#x438;&#x447; &#x413;&#x43E;&#x440;&#x431;&#x430;&#x447;&#x435;&#x432;</subfield>
  </datafield>
  <datafield tag="606" ind1=" " ind2=" ">
    <subfield code="a">&#x41F;&#x435;&#x440;&#x435;&#x441;&#x442;&#x440;&#x43E;&#x439;&#x43A;&#x430; &#x441;&#x43E;&#x446;&#x438;&#x430;&#x43B;&#x44C;&#x43D;&#x43E;-&#x44D;&#x43A;&#x43E;&#x43D;&#x43E;&#x43C;&#x438;&#x447;&#x435;&#x441;&#x43A;&#x43E;&#x439; &#x436;&#x438;&#x437;&#x43D;&#x438; &#x43E;&#x431;&#x449;&#x435;&#x441;&#x442;&#x432;&#x430;</subfield>
    <subfield code="y">&#x421;&#x421;&#x421;&#x420;</subfield>
    <subfield code="2">nlr_sh1</subfield>
  </datafield>
  <datafield tag="686" ind1=" " ind2=" ">
    <subfield code="a">&#x422;3(2)73-09</subfield>
    <subfield code="2">rubbk</subfield>
  </datafield>
  <datafield tag="700" ind1=" " ind2="1">
    <subfield code="4">070</subfield>
    <subfield code="8">rus</subfield>
    <subfield code="7">ba</subfield>
    <subfield code="a">Gorba&#x10D;ev</subfield>
    <subfield code="b">M. S.</subfield>
    <subfield code="c">&#x433;&#x43E;&#x441;. &#x434;&#x435;&#x44F;&#x442;&#x435;&#x43B;&#x44C;</subfield>
    <subfield code="f">1931-2022</subfield>
    <subfield code="g">Michail Sergeevi&#x10D;</subfield>
    <subfield code="3">RU\NLR\AUTH\77110387</subfield>
    <subfield code="9">93312</subfield>
  </datafield>
  <datafield tag="790" ind1=" " ind2="1">
    <subfield code="9">z01700</subfield>
    <subfield code="a">Gorbachov</subfield>
    <subfield code="b">M.</subfield>
    <subfield code="g">Mija&#xED;l</subfield>
    <subfield code="4">070</subfield>
  </datafield>
  <datafield tag="801" ind1=" " ind2="1">
    <subfield code="a">RU</subfield>
    <subfield code="b">NLR</subfield>
    <subfield code="c">20101226</subfield>
  </datafield>
  <datafield tag="801" ind1=" " ind2="0">
    <subfield code="a">RU</subfield>
    <subfield code="b">NLR</subfield>
    <subfield code="g">PSBO</subfield>
  </datafield>
  <datafield tag="852" ind1=" " ind2=" ">
    <subfield code="a">NLR</subfield>
    <subfield code="j">&#x418;&#x440;51 &#x414;-4/806</subfield>
  </datafield>
  <datafield tag="942" ind1=" " ind2=" ">
    <subfield code="c">BOOK</subfield>
  </datafield>
  <datafield tag="980" ind1=" " ind2=" ">
    <subfield code="a">NB</subfield>
  </datafield>
  <datafield tag="995" ind1=" " ind2=" ">
    <subfield code="5">2013-10-26</subfield>
    <subfield code="b">NLR01</subfield>
    <subfield code="c">NLR01</subfield>
    <subfield code="e">IF</subfield>
    <subfield code="f">9374462-10</subfield>
    <subfield code="k">&#x418;&#x440;51 &#x414;-4/806</subfield>
    <subfield code="o">0</subfield>
    <subfield code="r">BOOK</subfield>
    <subfield code="s">51_4806</subfield>
  </datafield>
</record>
